| 000 | 01590cam a22003857a 4500 | ||
|---|---|---|---|
| 999 |
_c28559 _d28530 |
||
| 001 | 13920227 | ||
| 003 | EG-ScBUE | ||
| 005 | 20200816103705.0 | ||
| 008 | 050404r20062005caua f b 001 0 eng d | ||
| 020 | _a0120884771 (alk. paper) | ||
| 020 | _a8131203433 | ||
| 020 | _a9788131203439 | ||
| 035 | _a(OCoLC)ocm56912632 | ||
| 040 |
_aUKM _beng _erda _cUKM _dVPI _dC#P _dDLC _dEG-ScBUE |
||
| 082 | 0 | 4 |
_a004.62 _bVAR _222 |
| 100 | 1 |
_aVarghese, George, _d1960- _eauthor. |
|
| 245 | 1 | 0 |
_aNetwork algorithmics : _ban interdisciplinary approach to designing fast networked devices / _cGeorge Varghese, University of California, San Diego. |
| 250 | _aReprinted edition. | ||
| 264 | 1 |
_aSan Francisco, CA : _bMorgan Kaufmann Publishers, _c2006. |
|
| 300 |
_axxiv, 465 pages : _billustrations ; _c25 cm. |
||
| 336 |
_2rdacontent _atext _btxt |
||
| 337 |
_2rdamedia _aunmediated _bn |
||
| 338 |
_2rdacarrier _avolume _bnc |
||
| 490 | 0 | _aThe Morgan Kaufmann series in networking | |
| 500 | _aIncludes appendix. | ||
| 504 | _aIncludes bibliographical references and index. | ||
| 650 | 7 |
_aComputer network protocols. _2BUEsh |
|
| 653 |
_bCOMSCI _cJuly2020 |
||
| 655 |
_vReading book _934232 |
||
| 856 | 4 | 2 |
_3Publisher description _uhttp://www.loc.gov/catdir/enhancements/fy0626/2005273800-d.html |
| 856 | 4 | 1 |
_3Table of contents only _uhttp://www.loc.gov/catdir/enhancements/fy0626/2005273800-t.html |
| 906 |
_a7 _bcbc _ccopycat _d2 _encip _f20 _gy-gencatlg |
||
| 942 |
_2ddc _cBB |
||